000
00312nam a22001337a 4500
008
171020b xxu||||| |||| 00| 0 eng d
020
_a
9780131011397
041
_a
eng
080
_2
6 ED
_a
338
100
_a
54
101
_a
MIS
245
_a
INFORMATION SYSTEMS IN PRACTICE
_c
MCNURIM.B.C
942
_2
udc
_c
BK
999
_c
35081
_d
35081